| 000 | 00621nam a2200217 a 4500 | ||
|---|---|---|---|
| 005 | 20240315063705.0 | ||
| 008 | 170912s2007 br r 000 0 spa d | ||
| 020 | _a9788524912672 | ||
| 035 | _aUPN01000220442 | ||
| 049 | _aI | ||
| 050 | 4 |
_aPZ78 _bR6.68 |
|
| 100 | 1 |
_aRochael, Denise _941854 |
|
| 245 | 1 | 1 |
_a¡Que gracia! / _cDenise Rochael. |
| 260 |
_aSäo Paulo : _bCortez, _c2007. |
||
| 300 |
_a[11] p. : _bprincipalmente il. col. |
||
| 440 | 0 | _aAnimales de agua dulce | |
| 650 | 4 |
_aLibros y lectura para niños _92290 |
|
| 650 | 2 |
_aAves _vLiteratura infantil _919835 |
|
| 905 | _aInfantil | ||
| 999 |
_c192541 _d192541 |
||